Preservation of art objects and library materials / (Record no. 130871)

MARC details
000 -LEADER
fixed length control field 00811nam a22002417a 4500
005 - DATE AND TIME OF LATEST TRANSACTION
control field 20170124110119.0
010 ## - LIBRARY OF CONGRESS CONTROL NUMBER
LC control number B-044057
020 ## - INTERNATIONAL STANDARD BOOK NUMBER
Terms of availability 40.00
International Standard Book Number 812370643
035 ## - SYSTEM CONTROL NUMBER
System control number B-044057
037 ## - SOURCE OF ACQUISITION
Source of stock number/acquisition Cen Lib/Ret
040 ## - CATALOGING SOURCE
Original cataloging agency DPL
Language of cataloging EN
082 ## - DEWEY DECIMAL CLASSIFICATION NUMBER
Classification number 701.88
Item number AGR
100 ## - MAIN ENTRY--PERSONAL NAME
Personal name Agrawal, O. P.
9 (RLIN) 104445
245 ## - TITLE STATEMENT
Title Preservation of art objects and library materials /
Statement of responsibility, etc by O. P. Agrawal
260 ## - PUBLICATION, DISTRIBUTION, ETC. (IMPRINT)
Place of publication, distribution, etc New Delhi
Name of publisher, distributor, etc National Book Trust
Date of publication, distribution, etc 1993
270 ## - ADDRESS
City New Delhi
Address A-5 Green Park
Postal code 110016
300 ## - PHYSICAL DESCRIPTION
Extent xvi,112p. :
Dimensions 20cm(Hb)
Other physical details col.ill.
490 ## - SERIES STATEMENT
Series statement Popular science
500 ## - GENERAL NOTE
General note Includes bibliographical references<br/><br/>
650 ## - SUBJECT ADDED ENTRY--TOPICAL TERM
Topical term or geographic name as entry element Art objects -- Conservation and restoration
9 (RLIN) 104446
650 ## - SUBJECT ADDED ENTRY--TOPICAL TERM
Topical term or geographic name as entry element Library materials -- Conservation and restoration
9 (RLIN) 104447
942 ## - ADDED ENTRY ELEMENTS (KOHA)
Source of classification or shelving scheme Dewey Decimal Classification
Koha item type English Books
Classification part 701.88
Call number suffix AGR
Holdings
Withdrawn status Lost status Damaged status Not for loan Home library Current library Date acquired Source of acquisition Cost, normal purchase price Total Checkouts Full call number Barcode Date last seen Copy number Cost, replacement price Price effective from Koha item type Source of classification or shelving scheme Collection code
        Central Library Central Library 10/07/2015 Cen Lib/Ret 40.00   701.88 AGR B-044057 10/07/2015 1 40.00 10/07/2015 English Books    
        Central Library Central Library 09/11/2016 Cen Lib/Ret 40.00   701.88 AGR B-008386 09/11/2016 2 40.00 09/11/2016 English Books Dewey Decimal Classification  
      Not For Loan Central Library Central Library 01/12/2016 Cen Lib/Ret 40.00   701.88 AGR B-008387 01/12/2016 3 40.00 01/12/2016 English Books Dewey Decimal Classification Reference

© Delhi Public Library
Hit Counter
free hit counter